000 00322 a2200157 4500
001 68075
020 _a9783126071321
040 _cAnchieta - Pituba
100 _aFleer, Sarah
240 1 0 _aKlasse! A2
_ldeu / ger
245 1 0 _aKlasse! A2
300 _a143
362 0 _a2019
650 4 _aLíngua alemã
942 _cBK
999 _c68075
_d68075